Grootste Landen op de Mercatorprojectie - Statistieken

Algemene statistieken
  • Deze quiz is 914 keer genomen
  • De gemiddelde score is 17 van 21
Antwoordstatistieken
Rang % Verandering Land % Correct
1 + 54 Rusland
98%
2 + 63 Canada
96%
3 - 28 Verenigde Staten
96%
4 - 51 China
94%
6 - 66 Brazilië
93%
5 - 60 Australië
90%
8 - 51 Argentinië
88%
9 - 62 India
86%
12 - 62 Mexico
85%
13 - 68 Democratische Republiek Congo
81%
10 - 32 Mongolië
80%
19 - 69 Indonesië
79%
7 - 28 Kazachstan
79%
11 - 60 Algerije
75%
21 + 71 Noorwegen
75%
20 + 69 Finland
74%
16 + 52 Zweden
74%
14 - 66 Saoedi-Arabië
70%
15 - 56 Iran
67%
17 - 63 Libië
63%
18 - 66 Soedan
60%
Geen overeenkomende quizzen gevonden
Scoreverdeling
Procent van Mensen met Elke Score
Percentiel versus Aantal Correcte Antwoorden
Uw Scoregeschiedenis
U heeft deze quiz nog niet genomen